Κοινωνικές επιστήμες σήμερα : 1ο Συνέδριο Σχολής ΚοινωνικώνΕπιστημών Πανεπιστημίου Αιγαίου, Μυτιλήνη 2006
Αποθηκεύτηκε σε:
| Συγγραφή απο Οργανισμό/Αρχή: | |
|---|---|
| Άλλοι συγγραφείς: | , |
| Μορφή: | Πρακτικό Συνεδρίου Βιβλίο |
| Γλώσσα: | Greek |
| Δημοσίευση: |
Αθήνα - Κομοτηνή :
Σάκκουλας,
2007
|
| Θέματα: | |
| Ετικέτες: |
Προσθήκη ετικέτας
Δεν υπάρχουν, Καταχωρήστε ετικέτα πρώτοι!
|
MARC
| LEADER | 00000cam a2200000 i 4500 | ||
|---|---|---|---|
| 001 | 1/17001 | ||
| 008 | 111205s2007 gre d | ||
| 020 | |a 978-960-15-1893-0 | ||
| 035 | |l 10111557 | ||
| 040 | |a GR-MY-UA |b gre |e aacr | ||
| 041 | 0 | |a gre | |
| 082 | 0 | |a 300 |2 (22) | |
| 111 | 2 | |a Συνέδριο Σχολής Κοινωνικών Επιστημών Πανεπιστημίου Αιγαίου |n (1o: |c Μυτιλήνη: |d 2006) | |
| 245 | 1 | 0 | |a Κοινωνικές επιστήμες σήμερα : |b 1ο Συνέδριο Σχολής ΚοινωνικώνΕπιστημών Πανεπιστημίου Αιγαίου, Μυτιλήνη 2006 / |c Κώστας Ζώρας - Φιλήμων Μπαντιμαρούδης (επιμ.) |
| 260 | |a Αθήνα - Κομοτηνή : |b Σάκκουλας, |c 2007 | ||
| 300 | |a 735 σ.; |c 25 εκ. | ||
| 504 | |a Περιλαμβάνει βιβλιγοραφικές παραπομπές | ||
| 650 | 0 | 0 | |a Social sciences |x Congresses. |
| 700 | 1 | |a Μπαντιμαρούδης, Φιλήμων, |e edt | |
| 700 | 1 | |a Ζώρας, Κώστας Λ. |e edt | |
| 852 | |a INST |b LESVOS |e 20111205 |h 300 ΣΥΝ |p 005100050899 |q 005100050899 |t BK |y 0 | ||
| 901 | |a BIBL1-2011-3 | ||
| 909 | |a Λ |b 173226 | ||
| 970 | |a ΤΖΑΦΕΡΗ |b ΕΥΑΓΓΕΛΙΑ |z 2011/12/05 | ||